000 00311nam a2200121 a 4500
005 20140414093833.0
008 970109s19uu xx 00 eng d
050 _aVHS 200
_bOR 20 V. 2
245 _aSaints for Kids /
_cNicholas, Stephen, Anne & Joachim.
440 _aVol. 2
942 _cAVM
999 _c108865
_d108865